La Economía mundial y América Latina: tendencias, problemas y desafíos /

Gespeichert in:
Bibliographische Detailangaben
1. Verfasser: Estay Reyno, Jaime
Körperschaft: CLACSO
Weitere Verfasser: comp
Format: Text
Veröffentlicht: Buenos Aires: CLACSO. Asdi
Schlagworte:
Tags: Tag hinzufügen
Keine Tags, Fügen Sie den ersten Tag hinzu!

MARC

LEADER 00000 a a2200000 04500
001 30956
003
040 |a CRAI/IIS  |c CRAI/IIS 
020 |a 987-1183-14-3  
090 |a 197107  |b   
100 |a Estay Reyno, Jaime  
110 |a CLACSO  
245 |a La Economía mundial y América Latina: tendencias, problemas y desafíos /  |c Jaime Estay Reyno 
260 |a Buenos Aires:   |b CLACSO. Asdi  
300 |a 411 p.  
650 |a CIENCIA Y TECNOLOGIA  
650 |a POLITICA CIENTIFICA  
650 |a POLITICA TECNOLOGICA  
650 |a PARTICIPACION DEL ESTADO  
650 |a SECTOR INDUSTRIAL  
650 |a SOCIEDAD DE LA INFORMACION  
650 |a SOCIEDAD POSTINDUSTRIAL  
700 |a comp  
999 |c 16455  |d 16455